[Event "Martorell op-B"]
[Site "Martorell"]
[Date "1997.??.??"]
[Round "6"]
[White "Capella Baladas, Pere"]
[Black "Palomo Muriana, Ramon"]
[Result "1-0"]
[WhiteElo "1875"]
[BlackElo "1820"]
[PlyCount "63"]
[EventDate "1997.09.??"]
[EventType "swiss"]
[EventRounds "8"]
[EventCountry "ESP"]
[SourceTitle "EXT 2003"]
[Source "ChessBase"]
[SourceDate "2002.11.25"]
[SourceVersion "1"]
[SourceVersionDate "2002.11.25"]
[SourceQuality "1"]

1. d4 d5 2. Nf3 c6 3. Bf4 Nf6 4. e3 Bf5 5. Nh4 e6 6. Nxf5 exf5 7. Bd3 g6 8. Nd2 Bg7 9. c4 0-0 10. h4 h5 11. Nf3 Nbd7 12. Bg5 Qb6 13. Qc2 Rfe8 14. 0-0 Ne4 15. c5 Qc7 16. Bf4 Qc8 17. Ng5 Qd8 18. Bxe4 fxe4 19. f3 f5 20. fxe4 fxe4 21. Qb3 Qc8 22. Bd6 Bf6 23. Rf2 Bxg5 24. hxg5 b5 25. Raf1 a5 26. Rf7 Qb7 27. Be5 Rxe5 28. dxe5 Rf8 29. e6 Rxf7 30. Rxf7 Qa7 31. Qc3 Qxc5 32. Qg7# 1-0